<?xml version="1.0" encoding="UTF-8"?>
<record
    xmlns:xsi="http://www.w3.org/2001/XMLSchema-instance"
    xsi:schemaLocation="http://www.loc.gov/MARC21/slim http://www.loc.gov/standards/marcxml/schema/MARC21slim.xsd"
    xmlns="http://www.loc.gov/MARC21/slim">

  <leader>00515    a2200169   4500</leader>
  <datafield tag="952" ind1=" " ind2=" ">
    <subfield code="0">0</subfield>
    <subfield code="1">0</subfield>
    <subfield code="2">ddc</subfield>
    <subfield code="4">0</subfield>
    <subfield code="7">0</subfield>
    <subfield code="8">PHYSICS</subfield>
    <subfield code="a">MES</subfield>
    <subfield code="b">MES</subfield>
    <subfield code="c">PHY</subfield>
    <subfield code="d">2021-09-25</subfield>
    <subfield code="e">34</subfield>
    <subfield code="g">431.37</subfield>
    <subfield code="l">4</subfield>
    <subfield code="m">8</subfield>
    <subfield code="o">530.13 LAH/S</subfield>
    <subfield code="p">41232</subfield>
    <subfield code="r">2024-09-03 10:34:03</subfield>
    <subfield code="s">2024-07-11</subfield>
    <subfield code="v">595.00</subfield>
    <subfield code="w">2021-09-25</subfield>
    <subfield code="y">BK</subfield>
    <subfield code="z">G11R4</subfield>
  </datafield>
  <datafield tag="999" ind1=" " ind2=" ">
    <subfield code="c">41135</subfield>
    <subfield code="d">41135</subfield>
  </datafield>
  <controlfield tag="003">OSt</controlfield>
  <controlfield tag="005">20210701122650.0</controlfield>
  <controlfield tag="008">210701b           ||||| |||| 00| 0 eng d</controlfield>
  <datafield tag="020" ind1=" " ind2=" ">
    <subfield code="a"> 9788173716140</subfield>
  </datafield>
  <datafield tag="040" ind1=" " ind2=" ">
    <subfield code="c">oclc</subfield>
  </datafield>
  <datafield tag="082" ind1=" " ind2=" ">
    <subfield code="a">530.13</subfield>
    <subfield code="b">LAH/S</subfield>
  </datafield>
  <datafield tag="100" ind1="1" ind2=" ">
    <subfield code="a">Lahiri, Avijit</subfield>
    <subfield code="9">8615</subfield>
  </datafield>
  <datafield tag="245" ind1=" " ind2=" ">
    <subfield code="a">Statistical Mechanics: An Elementary Outline /</subfield>
    <subfield code="c">Avijit Lahiri</subfield>
  </datafield>
  <datafield tag="260" ind1=" " ind2=" ">
    <subfield code="b"> Hyderabad:</subfield>
    <subfield code="a">Universities Press,</subfield>
    <subfield code="c"> 2008 .</subfield>
  </datafield>
  <datafield tag="300" ind1=" " ind2=" ">
    <subfield code="a">290 pages</subfield>
  </datafield>
  <datafield tag="942" ind1=" " ind2=" ">
    <subfield code="2">ddc</subfield>
    <subfield code="c">BK</subfield>
    <subfield code="h">530.13</subfield>
    <subfield code="i">LAH/S</subfield>
    <subfield code="k">530.13</subfield>
    <subfield code="m">LAH/S</subfield>
  </datafield>
</record>
